Botanique / (Record no. 156521)

MARC details
000 -LEADER
campo de control de longitud fija 00976nam a22002535i 4500
001 - NÚMERO DE CONTROL
campo de control 156521
003 - IDENTIFICADOR DE NÚMERO DE CONTROL
campo de control ES-MaACL
005 - FECHA Y HORA DE LA ÚLTIMA TRANSACCIÓN
campo de control 20260202063018.0
008 - DATOS DE LONGITUD FIJA--INFORMACIÓN GENERAL
campo de control de longitud fija 001009s1857 fr a |||| | fre d
080 ## - NÚMERO DE LA CLASIFICACIÓN DECIMAL UNIVERSAL
Número de la Clasificación Decimal Universal 58
100 1# - ENTRADA PRINCIPAL--NOMBRE DE PERSONA
Nombre de persona Jussieu, Adrien de,
Fechas asociadas al nombre 1797-1853
9 (RLIN) 128405
245 10 - MENCIÓN DEL TÍTULO
Título Botanique /
Mención de responsabilidad, etc. par Adrien de Jussieu.
250 ## - MENCION DE EDICION
Mención de edición 7ème éd.
260 ## - PUBLICACIÓN, DISTRIBUCIÓN, ETC.
Lugar de publicación, distribución, etc. Paris :
Nombre del editor, distribuidor, etc. Victor Masson :
-- Langlois et Leclercq,
Fecha de publicación, distribución, etc. 1857.
300 ## - DESCRIPCIÓN FÍSICA
Extensión VI, 561 p. :
Otras características físicas il. ;
Dimensiones 18 cm.
490 1# - MENCIÓN DE SERIE
Mención de serie Cours élémentaire d'histoire naturelle / par Milne Edwards, A. de Jussieu et Beudant
599 ## - NOTA A LAS ILUSTRACIONES
NOTA A LAS ILUSTRACIONES Obra que contiene 812 figuras.
650 #7 - PUNTO DE ACCESO ADICIONAL DE MATERIA--TÉRMINO DE MATERIA
Término de materia o nombre geográfico como elemento de entrada Botánica
Fuente del encabezamiento o término embne
9 (RLIN) 10610
700 1# - ENTRADA AGREGADA--NOMBRE PERSONAL
Nombre de persona Milne-Edwards, Alphonse,
Fechas asociadas al nombre 1835-1900
9 (RLIN) 129939
700 1# - ENTRADA AGREGADA--NOMBRE PERSONAL
Nombre de persona Beudant, François Sulpice.
9 (RLIN) 28702
830 1# - PUNTO DE ACCESO ADICIONAL DE SERIE-TÍTULO UNIFORME
Título uniforme Cours élémentaire d'histoire naturelle / par Milne Edwards, A. de Jussieu et Beudant
9 (RLIN) 221682
852 4# - LOCALIZACIÓN
Ubicación ES-MaACL
Número de control de estantería D-729
Nota libre - Legado de Modesto Lafuente
Holdings
Estatus retirado Estado de pérdida Estado de daño No para préstamo Colección Biblioteca de origen Biblioteca actual Ubicación en estantería Fecha de adquisición Fuente de adquisición Total de préstamos Signatura topográfica completa Código de barras Visto por última vez Precio de reemplazo Tipo de ítem Koha
        Libros del s. XIX Biblioteca del Ateneo de Madrid Biblioteca del Ateneo de Madrid Sala Valle Inclán 17/01/2008     D-729 901163757 23/02/2023 23/02/2023 Libro impreso antiguo